5HLuxD.jpg

KING HENRY VIII SENIOR AND PRIMARY SCHOOL LIBRARY OPAC

The high mountains of Portugal / (Record no. 4288)

000 -LEADER
fixed length control field 01649cam a2200289 i 4500
003 - CONTROL NUMBER IDENTIFIER
control field OSt
005 - DATE AND TIME OF LATEST TRANSACTION
control field 20250205091324.0
008 - FIXED-LENGTH DATA ELEMENTS--GENERAL INFORMATION
fixed length control field 160527s2016 meu d 000 1 eng d
020 ## - INTERNATIONAL STANDARD BOOK NUMBER
International Standard Book Number 9781782114758
040 ## - CATALOGING SOURCE
Original cataloging agency DLC
Language of cataloging eng
Description conventions rda
Transcribing agency DLC
Modifying agency BTCTA
-- OCLCO
-- BDX
-- OCLCF
-- OCLCQ
-- IK2
-- OJ4
-- CaOL
-- KH8
082 ## - DEWEY DECIMAL CLASSIFICATION NUMBER
Classification number FIC MAR
100 1# - MAIN ENTRY--PERSONAL NAME
Personal name Martel, Yann
Relator term author.
245 14 - TITLE STATEMENT
Title The high mountains of Portugal /
Statement of responsibility, etc. Yann Martel.
250 ## - EDITION STATEMENT
Edition statement Large print edition.
264 #1 - PRODUCTION, PUBLICATION, DISTRIBUTION, MANUFACTURE, AND COPYRIGHT NOTICE
Place of production, publication, distribution, manufacture Waterville, Maine :
Name of producer, publisher, distributor, manufacturer Wheeler Publishing A part of Gale, Cengage Learning,
Date of production, publication, distribution, manufacture, or copyright notice 2016.
300 ## - PHYSICAL DESCRIPTION
Extent 451 pages ;
Dimensions 23 cm.
336 ## - CONTENT TYPE
Content type term text
Content type code txt
Source rdacontent.
337 ## - MEDIA TYPE
Media type term unmediated
Media type code n
Source rdamedia.
338 ## - CARRIER TYPE
Carrier type term volume
Carrier type code nc
Source rdacarrier.
340 ## - PHYSICAL MEDIUM
Font size large print
Source rda.
520 ## - SUMMARY, ETC.
Summary, etc. In Lisbon in 1904, a young man named Tom discovers an old journal. It hints at the existence of an extraordinary artifact that--if he can find it--would redefine history. Traveling in one of Europe's earliest automobiles, he sets out in search of this strange treasure. Thirty-five years later, a Portuguese pathologist devoted to the murder mysteries of Agatha Christie finds himself at the center of a mystery of his own and drawn into the consequences of ToḿŁđ's quest. Fifty years on, a Canadian senator takes refuge in his ancestral village in northern Portugal, grieving the loss of his beloved wife. He arrives with an unusual companion: a chimpanzee, and there the century-old quest will come to an unexpected conclusion.
650 #0 - SUBJECT ADDED ENTRY--TOPICAL TERM
Topical term or geographic name entry element Antiquities
Form subdivision Fiction.
650 #0 - SUBJECT ADDED ENTRY--TOPICAL TERM
Topical term or geographic name entry element Quests (Expeditions)
Form subdivision Fiction.
650 #7 - SUBJECT ADDED ENTRY--TOPICAL TERM
Topical term or geographic name entry element Allegories
Source of heading or term genre.
651 #0 - SUBJECT ADDED ENTRY--GEOGRAPHIC NAME
Geographic name Portugal
Form subdivision Fiction.
942 ## - ADDED ENTRY ELEMENTS (KOHA)
Source of classification or shelving scheme
Koha item type Books - Fiction
Holdings
Withdrawn status Lost status Source of classification or shelving scheme Damaged status Not for loan Collection code Permanent Location Current Location Shelving location Date acquired Full call number Barcode Date last seen Price effective from Koha item type
          Fiction KH8 Senior School Library KH8 Senior School Library Fiction 2025-02-05 FIC MAR 3KHSL000102182 2025-02-05 2025-02-05 Books - Fiction

Powered By KH8 IT Dept